000 00504nam a2200181Ia 4500
005 20250508151017.0
008 008 250505s9999 xx 000 0 hin d
037 _aTextual
040 _aFEDL
_beng
_cFEDL
041 _ahin
_2hin
084 _a891.433, SHA
_qFEDL
100 _aSengupt Subodhachandra
_9758184
245 0 _aShart pratibha
260 _aBombay, India
_bHindi Granth Ratnakar Karyalay
300 _a244p.
942 _cTEXL
_h891.433, SHA
999 _c1327033
_d1327033